000 00192nam a2200085 4500
001 1255672
005 20251211111859.0
245 _aKAPLUMBAĞA DOLUNAYI
_cHANNAH GOLD
260 _bTİMAŞ YAYINLARI
999 _c1255672
_d1255672